Normal view
MARC view
Entry Personal Name
001 - CONTROL NUMBER
- control field: 45724
003 - CONTROL NUMBER IDENTIFIER
- control field: dpl
005 - DATE AND TIME OF LATEST TRANSACTION
- control field: 20120425123057.0
008 - FIXED-LENGTH DATA ELEMENTS
- fixed length control field: 120425|||a|||||| | ||| d
040 ## - CATALOGING SOURCE
- Original cataloging agency: dpl
- Transcribing agency: dpl
100 ## - HEADING--PERSONAL NAME
- Personal name: Rogers, Laura
670 ## - SOURCE DATA FOUND
- Source citation: Work cat.: (dpl): Shadravan, Darvish 45702, Using Microsoft Infopath 2010 With Microsoft Sharepoint 2010 step by step /, 2012
670 ## - SOURCE DATA FOUND
- Source citation: Work cat.: (dpl): Shadravan, Darvish 45702, Using Microsoft Infopath 2010 With Microsoft Sharepoint 2010 step by step /, 2012
